000 01662nas a2200409 c 4500
001 25210
003 ES-MaCES
005 20250328110758.0
007 cr |||||||||||
008 931210d19002014sp e| | 0spa d
022 1 _a0213-0556
035 _aCES19980001900p
_z10194
040 _aES-MaCES
_bspa
_cES-MaCES
245 0 0 _aRelaciones laborales
_b: revista crítica de teoría y práctica
260 _aLas Rozas, Madrid (Monterrey, 1, 28230)
_bLa Ley
_c -2014
300 _av.
_c24 cm
310 _aMensual
_ben. 2013
321 _aQuincenal
500 _aDescripción basada en: año 9, n. 1 (8 en. 1993)
500 _aSuplementos especiales y números monográficos especiales
500 _aTít. tomado de la cub
541 _cCompra
650 4 _ajurisprudencia
_928624
650 4 _aempleo
_928299
650 4 _928369
_arelaciones laborales
653 1 0 _aRelaciones laborales-Empleo
785 0 7 _tActualidad laboral : publicación semanal técnico-jurídica del trabajo y de la Seguridad Social
_w(ES-MaCES)25022
785 0 7 _tTrabajo y derecho : nueva revista de actualidad y relaciones laborales
_w(ES-MaCES)45892
853 2 1 _aaño
_bn.
_iaño
_jmes
_kdia
_vr
_wm
854 2 1 _bsupl.
_vr
_wx
856 _uhttps://dialnet.unirioja.es/servlet/revista?codigo=1107&utm_source=biblioteca.ces.es&utm_medium=revista&utm_campaign=Dialnet_Widgets
_ytabla de contenidos a través de Dialnet
866 0 _a(1990-1991),1993-2009 (2010) 2011 (2012) 2013 (2014).
_zUbicación: DEPÓSITO - 10194
905 _1Boletín B
_fP
_k
_nRelLab
_p+
942 _2CES
_cCR
_h2.0.
999 _c25210
_d25210